000
00293nam a22001457a 4500
008
230208b ||||| |||| 00| 0 eng d
020
_a
9780073360973
041
_a
eng
080
_a
51
082
_a
51HEN
100
_a
20
101
_a
MATEM
245
_a
HENDRICKS .A
942
_2
udc
_c
BK
999
_c
59332
_d
59332